| 000 -LEADER |
| fixed length control field |
00749nam a2200229 a 4500 |
| 020 ## - INTERNATIONAL STANDARD BOOK NUMBER |
| ISBN |
1856491390 |
| 020 ## - INTERNATIONAL STANDARD BOOK NUMBER |
| ISBN |
1856491404 (pbk.) |
| 040 ## - CATALOGING SOURCE |
| Transcribing agency |
NNBG |
| 082 00 - DEWEY DECIMAL CLASSIFICATION NUMBER |
| Classification number |
333 ZED 1993 C158 Or. |
| 245 04 - TITLE STATEMENT |
| Title |
The Struggle for land and the fate of the forests / |
| 260 ## - PUBLICATION, DISTRIBUTION, ETC. (IMPRINT) |
| Place of publication |
Penang, Malaysia : |
| Name of publisher |
World Rainforest Movement ; |
| Place of publication |
Sturminister Newton, England : |
| Name of publisher |
Ecologist ; |
| Place of publication |
London ; |
| -- |
Atlantic Highlands, N.J. : |
| Name of publisher |
Zed Books, |
| Year of publication |
1993. |
| 300 ## - PHYSICAL DESCRIPTION |
| Number of Pages |
389 p. : |
| Other physical details |
maps ; |
| Dimensions |
22 cm. |
| 650 #0 - SUBJECT ADDED ENTRY--TOPICAL TERM |
| Topical Term |
Rain forest conservation. |
| 650 #0 - SUBJECT ADDED ENTRY--TOPICAL TERM |
| Topical Term |
Land use, Rural |
| 650 #0 - SUBJECT ADDED ENTRY--TOPICAL TERM |
| Topical Term |
Deforestation |
| 650 #0 - SUBJECT ADDED ENTRY--TOPICAL TERM |
| Topical Term |
Forest conservation |
| 650 #0 - SUBJECT ADDED ENTRY--TOPICAL TERM |
| Topical Term |
Clearing of land |
| 650 #0 - SUBJECT ADDED ENTRY--TOPICAL TERM |
| Topical Term |
Reclamation of land |
| 700 1# - ADDED ENTRY--PERSONAL NAME |
| Personal name |
Colchester, Marcus. |
| 700 1# - ADDED ENTRY--PERSONAL NAME |
| Personal name |
Lohmann, Larry. |
| 942 ## - ADDED ENTRY ELEMENTS (KOHA) |
| Koha item type |
ADB |
| 952 ## - LOCATION AND ITEM INFORMATION (KOHA) |
| Withdrawn status [LOCAL, KOHA] |
0 |